000 006090000a22002170004500
001 23204
010 _a972-770-393-3
090 _a23204
100 _a20060117d2005 a y0pory5003 ba
101 0 _apor
102 _aPT
200 1 _aUm dia o pincel
_fGuida Pina
_gil. Cláudia Alves
210 _aLisboa
_cPlátano
_d2005
215 _a[28] p.
_cil
225 2 _aGalaró
_v7
675 _a087.5
_vBN
_zpor
675 _a821.134.3-1"20"
_vBN
_zpor
700 1 _aPina
_bGuida
702 1 _96884
_4440
_aAlves
_bCláudia
942 _cMON
_n0
999 _a23204
_bBibliobase - BMTAV
_c2019-01-21